000 00313nam a2200121Ia 4500
008 220216s9999 xx 000 0 und d
100 _aChakraborty S K
245 0 _aFluorocarbon rubber paints: Boon for industry
260 _bRubber India
_c2006
300 _a35-37
650 _aFluorocarbon paint
942 _cJS
999 _c59486
_d59486